District manual (Record no. 488742)

000 -LEADER
fixed length control field 00336cam a22001097a 4500
008 - FIXED-LENGTH DATA ELEMENTS--GENERAL INFORMATION
fixed length control field 180718b1956 xxu||||| |||| 00| 0 eng d
082 ## - DEWEY DECIMAL CLASSIFICATION NUMBER
Classification number B67037x5434 R137
245 ## - TITLE STATEMENT
Title District manual
Statement of responsibility, etc. by Cabinet (O & M) Secretariat, Rajasthan
260 ## - PUBLICATION, DISTRIBUTION, ETC.
Place of publication, distribution, etc. Bikaner
Name of publisher, distributor, etc. The author
Date of publication, distribution, etc. 1956
300 ## - PHYSICAL DESCRIPTION
Extent 398p.
700 ## - ADDED ENTRY--PERSONAL NAME
Personal name Rajasthan. Cabinet (O & M) Secretariat
Holdings
Withdrawn status Lost status Damaged status Not for loan Permanent Location Current Location Date acquired Full call number Barcode Date last seen Price effective from Koha item type
        Indian Institute of Public Administration Indian Institute of Public Administration 2018-08-04 B67037x5434 R137 G8274 2018-08-04 2018-08-04 G

Powered by Koha